Las artes : arquitectura, danza, grafismo, música, pintura, Armstrong, Brook, Ernst, Lurcat, Méliès, Xenakis / bajo la dirección de André Akoun y de Jean-Louis Ferrier

Salvato in:
Dettagli Bibliografici
Altri autori: Akoun, André, dir. (autor) (autor)
Natura: Libro
Serie:Diccionarios del saber moderno : Ideas, Obras, Hombres
Soggetti:
Tags: Aggiungi Tag
Nessun Tag, puoi essere il primo ad aggiungerne!!

MARC

LEADER 00000nam^a2200000^u^4500
001 000538714
005 20250521000000.0
008 060220s1000^^^^^^^^^^^^r^^^^^000^0^spa^d
009 20260310131126.099
022 |a 8427110197 
035 |a FMI 000005565 
037 |a Acervo Xavier Clavigero 
096 |a 0.0/36-C/C 
245 0 4 |a Las artes : arquitectura, danza, grafismo, música, pintura, Armstrong, Brook, Ernst, Lurcat, Méliès, Xenakis / bajo la dirección de André Akoun y de Jean-Louis Ferrier 
264 |a Bilbao : Ediciones Mensajero, 1977 
300 |a 560 p. 
336 |a texto  |b txt  |2 rdacontenido 
337 |a sin mediación  |b n  |2 rdamedio 
338 |a volumen  |b nc  |2 rdasoporte 
440 0 |a Diccionarios del saber moderno : Ideas, Obras, Hombres 
649 |a XX 
650 |a ARTE 
700 |a Akoun, André, dir.  |e (autor) 
910 |a Fondo Francisco Migoya Covarrubias S.J. 
920 |a Impresos - Libros 
930 |a Fondos Especiales 
905 |a 134 
901 |a SBC15404  |b IT2  |c ESP  |u 20250521 
902 |a https://opac.biblio.iteso.mx/vufind/Record/000538714